Bližajšije prioritety.

Potreba obnovenia fungovania rubľa. Hrozba vzniku národných mien a ich možné dôsledky. Rovnováha na trhu, likvidácia deficitu a nekrytých peňazí ako predpoklad ozdravenia rubľa. Dôsledky uvoľnenia cien. Spätosť ozdravenia meny s privatizáciou a vytvorením sociálnej siete.

Na minha lista:
Detalhes bibliográficos
Autor principal: Šmelev, N.
Formato: Capítulo de Livro
Idioma:russo
Assuntos:
Tags: Adicionar Tag
Sem tags, seja o primeiro a adicionar uma tag!

MARC

LEADER 00000naa a2200000 4500
001 r010330
005 20221208123237.7
041 0 |a rus 
044 |a [SU] 
245 1 0 |a Bližajšije prioritety.  |c N. Šmelev 
520 |a Potreba obnovenia fungovania rubľa. Hrozba vzniku národných mien a ich možné dôsledky. Rovnováha na trhu, likvidácia deficitu a nekrytých peňazí ako predpoklad ozdravenia rubľa. Dôsledky uvoľnenia cien. Spätosť ozdravenia meny s privatizáciou a vytvorením sociálnej siete. 
610 2 0 |a mena 
610 2 0 |a rubeľ 
610 2 0 |a rovnováha trhová 
610 2 0 |a deficit 
610 2 0 |a ceny voľné 
610 2 0 |a privatizácia 
610 2 0 |a politika sociálna 
610 2 0 |a Spoločenstvo nezávislých štátov 
610 2 0 |a liberalizácia 
610 2 0 |a peniaze 
100 1 |a Šmelev, N.